000 00689nam a2200289Ia 4500
005 20260324131018.0
008 008 260324s9999 xx 000 0 eng d
020 _a9780203965344
037 _aEBOOK
040 _aCRL
040 _beng
040 _cCRL
041 _2eng
041 _aeng
084 _qCRL
100 _aElisha Efrat
_91183883
245 4 _aThe West Bank and Gaza Strip
245 2 _bA Geography of Occupation and Disengagement
260 _bTaylor and Francis
260 _c2006
365 _a
365 _b230
856 _uhttp://www.taylorfrancis.com/books/9780203965344
942 _cEBOOK
999 _c1780670
_d1780670